An Open Letter to Ian Jeffery, CEO of the Law Society (Record no. 121891)
[ view plain ]
| 000 -LEADER | |
|---|---|
| fixed length control field | 01426nam a22002297a 4500 |
| 005 - DATE AND TIME OF LATEST TRANSACTION | |
| control field | 20240403170334.0 |
| 008 - FIXED-LENGTH DATA ELEMENTS--GENERAL INFORMATION | |
| fixed length control field | 240403t2024 xxk|||||og||| 00| 0 eng d |
| 110 ## - MAIN ENTRY--CORPORATE NAME | |
| Corporate name or jurisdiction name as entry element | Property Lawyers Action Group |
| 9 (RLIN) | 6338 |
| 245 ## - TITLE STATEMENT | |
| Title | An Open Letter to Ian Jeffery, CEO of the Law Society |
| 260 ## - PUBLICATION, DISTRIBUTION, ETC. | |
| Name of publisher, distributor, etc. | Property Lawyers Action Group, |
| Date of publication, distribution, etc. | 2 April 2024 |
| 520 ## - SUMMARY, ETC. | |
| Summary, etc. | In an open letter to the Law Society, PLA asks the Society to withdraw the latest version of the property information form TA6 that was designed to support National Trading Standards' Estates and Lettings guidance on "material information" required for property listings. The letter urges the Society to indefinitely postpone implementing the latest version, saying that it and TA7 contravenes the Society's conveyancing quality scheme policy "to discourage the practice of raising enquiries about every conceivable matter that could possibly affect a transaction, in favour of fewer targeted, relevant enquiries" |
| 650 ## - SUBJECT ADDED ENTRY--TOPICAL TERM | |
| Topical term or geographic name entry element | MATERIAL INFORMATION |
| 650 ## - SUBJECT ADDED ENTRY--TOPICAL TERM | |
| Topical term or geographic name entry element | LETTINGS |
| 650 ## - SUBJECT ADDED ENTRY--TOPICAL TERM | |
| Topical term or geographic name entry element | ESTATE AGENTS |
| 650 ## - SUBJECT ADDED ENTRY--TOPICAL TERM | |
| Topical term or geographic name entry element | PROPERTY PARTICULARS |
| 650 ## - SUBJECT ADDED ENTRY--TOPICAL TERM | |
| Topical term or geographic name entry element | TRADING STANDARDS |
| 650 ## - SUBJECT ADDED ENTRY--TOPICAL TERM | |
| Topical term or geographic name entry element | CONSUMER PROTECTION FROM UNFAIR TRADING REGULATIONS 2008 |
| 690 ## - LOCAL SUBJECT ADDED ENTRY--TOPICAL TERM (OCLC, RLIN) | |
| Topical term or geographic name as entry element | Residential property |
| 9 (RLIN) | 6266 |
| 710 ## - ADDED ENTRY--CORPORATE NAME | |
| Corporate name or jurisdiction name as entry element | Property Lawyers Action Group |
| 9 (RLIN) | 6338 |
| 856 ## - ELECTRONIC LOCATION AND ACCESS | |
| Uniform Resource Identifier | <a href="https://plactiongroup.co.uk/2024/04/02/an-open-letter-to-ian-jeffery-ceo-of-the-law-society/">https://plactiongroup.co.uk/2024/04/02/an-open-letter-to-ian-jeffery-ceo-of-the-law-society/</a> |
| Public note | PLAG letter |
| 942 ## - ADDED ENTRY ELEMENTS (KOHA) | |
| Source of classification or shelving scheme | Dewey Decimal Classification |
| Withdrawn status | Lost status | Damaged status | Not for loan | Home library | Current library | Shelving location | Date acquired | Total Checkouts | Date last seen | Price effective from | Koha item type |
|---|---|---|---|---|---|---|---|---|---|---|---|
| London | Virtual | Online | 03/04/2024 | 03/04/2024 | 03/04/2024 | Online material |